| 000 | 00689cam a2200193 4500 | ||
|---|---|---|---|
| 008 | 090115t19841984mx a 000 0 spa u | ||
| 020 | _a9688780006 | ||
| 035 | _aa477829 | ||
| 050 | 0 | 4 |
_aF1311 _bM67 1984 |
| 245 | 0 | 0 |
_aMorelos : _b Cinco siglos de historia regional / _c Luis Aráoz... [et al.]. |
| 250 | _a1a ed. | ||
| 260 |
_aMéxico. : _bCentro de estudios históricos del agrarismo en México, Universidad Autónoma del Estado de Morelos, _c1984 |
||
| 300 |
_a464 p. : _bil. ; _c21 cm. |
||
| 504 | _aIncluye bibliografías e índice | ||
| 650 | 7 |
_aMorelos Estado de _zMéxico _xHistoria _vCongresos |
|
| 700 | 1 | _aAraoz Luis, coaut. | |
| 710 | 2 | _aU. A. E. M. | |
| 942 |
_2lcc _cLIB |
||
| 999 |
_c86821 _d86821 |
||